000 01453pam a2200373 a 4500
999 _c10085
_d10085
001 616340
003 OSt
005 20191231145150.0
008 920812s1992 ii b 001 0 eng
010 _a 92032148
020 _a0803994532 (US : cloth)
020 _a0803994540 (US : paper)
020 _a817036311X (India : cloth)
020 _a8170363128 (India : paper)
040 _aDLC
_coclc
_dDLC
043 _aa-ii---
050 0 0 _aHJ4766.Z7
_bE754 1992
082 0 0 _a364.1330954
_220
_bGUP/B
100 _aGupta, Suraj B
_9656
245 1 0 _aBlack income in India /
_cSuraj B. Gupta
260 _aNew Delhi ;
_aNewbury Park :
_bSage Publications,
_c1992.
300 _a187 p.
_c23 cm.
504 _aIncludes bibliographical references (p. [182]-185) and index.
650 0 _aTax evasion
_zIndia.
650 0 _aIncome tax
_zIndia.
650 0 _aExcise tax
_zIndia.
650 0 _aSmuggling
_zIndia.
650 0 _aInformal sector (Economics)
_xTaxation
_zIndia.
856 4 2 _3Publisher description
_uhttp://www.loc.gov/catdir/enhancements/fy0657/92032148-d.html
856 4 1 _3Table of contents only
_uhttp://www.loc.gov/catdir/enhancements/fy0657/92032148-t.html
906 _a7
_bcbc
_corignew
_d1
_eocip
_f19
_gy-gencatlg
942 _2ddc
_cBK
_h364.1330954
_iGUP/B
_k364.1330954
_mGUP/B